000 00993nam a22002897a 4500
005 2011042709599.0
008 110427t xxu||||| |||| 00| 0 eng d
010 _aENG-102322
020 _a9788175333048
_c995.00
035 _aEN-85855
037 _bDBAD/PUB
040 _adpl
_bEng
082 _a294.30954
100 _927456
_aDwivedi, K. S.
245 _aIntroduction to Indian Buddhism /
_cby K.S. Dwivedi
260 _aNew Delhi
_b MD Publications
_c2010
270 _a"MD House", 11, Darya Ganj
_bNew Delhi
_e110002
_k91-11-45355555
_mcontact@mdppl.com
300 _avi, 279 p.
_c22cm (Hb)
500 _aIncludes bibliographical references and index
610 _927464
650 _927465
651 _927466
700 _927451
710 _927453
942 _2ddc
_cEN
_h294.30954
_mDWI
999 _c51924
_d51924